000 01006cam a22003371i 4500
999 _c2334
_d2334
001 016270303
003 Uk
005 20230414140501.0
008 130204s2013 enka j 000|f eng|d
015 _aGBB311475
_2bnb
016 7 _a016270303
_2Uk
020 _a9781409536024 (hbk.) :
040 _aStDuBDS
_beng
_cStDuBDS
_dUk
_dKH8
_erda
042 _aukblsr
082 0 4 _a823.92 MAC
_223
100 1 _aMackinnon, Mairi,
_eauthor.
245 1 4 _aThe golden carpet /
_cMairi Mackinnon ; illustrator, Alida Massari.
264 1 _aLondon :
_bUsborne,
_c2013.
300 _a45 pages :
_billustrations (colour) ;
_c20 cm.
336 _atext
_2rdacontent
336 _astill image
_2rdacontent
337 _aunmediated
_2rdamedia
338 _avolume
_2rdacarrier
490 0 _aUsborne first reading. Level four
500 _aFormerly CIP.
_5Uk
521 2 _aFoundation stage.
521 2 _aKey Stage 1.
655 0 _aChildren's stories.
700 1 _aMassari, Alida,
_eillustrator.
942 _2ddc
_cFIC